Statystyki dla Puchar Świata - klasyfikacja za sezon 1995/96

Kliknij tutaj aby rozwiązać quiz!

Ogólne statystyki

  • Ten quiz został rozwiązany 9 razy
  • Średni wynik to 26 z 98

Statystyki odpowiedzi

NrSkoczekNarodowośćPkt% Poprawnych
1.Andreas GoldbergerAustria1416
100%
7.Adam MałyszPolska751
88%
3.Janne AhonenFinlandia1054
88%
48.Wojciech SkupieńPolska75
88%
20.Andreas WidhoelzlAustria322
75%
33.Kazuyoshi FunakiJaponia151
75%
5.Masahiko HaradaJaponia982
75%
36.Noriaki KasaiJaponia132
75%
10.Primoz PeterkaSłowenia670
75%
45.Roberto CeconWłochy90
75%
25.Dieter ThomaNiemcy249
63%
4.Jens WeissflogNiemcy1028
63%
75.Jussi HautamaekiFinlandia13
63%
26.Martin HoellwarthAustria244
63%
Nicolas DessumFrancja77
63%
9.Reinhard SchwarzenbergerAustria724
63%
15.Roar LjoekelsoeyNorwegia501
63%
35.Stefan HorngacherAustria134
63%
39.Takanobu OkabeJaponia115
63%
32.Andreas KuettelSzwajcaria181
50%
2.Ari-Pekka NikkolaFinlandia1384
50%
13.Espen BredesenNorwegia592
50%
8.Hiroya SaitoJaponia747
50%
11.Jani SoininenFinlandia630
50%
18.Jaroslav SakalaCzechy367
50%
Michael UhrmannNiemcy73
50%
49.Naoto ItoJaponia74
50%
Tomi NieminenFinlandia2
50%
57.Tommy IngebrigtsenNorwegia50
50%
66.Akira HigashiJaponia22
38%
42.Didier MollardFrancja105
38%
69.Jakub JiroutekCzechy19
38%
12.Jin'ya NishikataJaponia623
38%
Kazuhiro HigashiJaponia32
38%
Kristian BrendenNorwegia7
38%
Michal DolezalCzechy13
38%
6.Mika LaitinenFinlandia914
38%
Peter ZontaSłowenia19
38%
Alexander HerrNiemcy13
25%
37.Bruno ReutelerSzwajcaria123
25%
14.Christof DuffnerNiemcy505
25%
28.Frantisek JezCzechy226
25%
64.Hansjoerg JaekleNiemcy27
25%
44.Jakub SuchacekCzechy98
25%
Jiri ParmaCzechy16
25%
38.Kent JohanssenNorwegia122
25%
27.Lasse OttesenNorwegia233
25%
78.Masayuki SatoJaponia12
25%
23.Sylvain FreiholzSzwajcaria292
25%
16.Eirik HalvorsenNorwegia417
13%
34.Gerd SiegmundNiemcy150
13%
67.Jani KlingaFinlandia20
13%
81.Karl-Heinz DornerAustria10
13%
21.Kimmo SavolainenFinlandia308
13%
17.Marco SteinauerSzwajcaria415
13%
Marek GwóźdźPolska6
13%
Oeyvind BergNorwegia58
13%
46.Samo GostisaSłowenia77
13%
31.Sturle HolseterNorwegia199
13%
30.Urban FrancSłowenia207
13%
Volodymyr HlyvkaUkraina1
13%
53.Arve VorvikNorwegia58
0%
Frank RechelNiemcy20
0%
96.Fredrik JohanssonSzwecja1
0%
Frode HaareNorwegia1
0%
Gerhard SchallertAustria5
0%
88.Hitoshi SakuraiJaponia6
0%
82.Ingemar MayrAustria9
0%
40.Janne VaeaetaeinenFinlandia113
0%
72.Jaroslav KahanekCzechy17
0%
92.Johan RasmussenSzwecja4
0%
56.Jun ShibuyaJaponia53
0%
65.Jure RadeljSłowenia24
0%
79.Katsutoshi ChibaJaponia11
0%
24.Kenji SudaJaponia253
0%
84.Magnus OeverbyNorwegia7
0%
55.Marian BielcikSłowacja56
0%
94.Martin SkotakCzechy2
0%
58.Martin TrunzSzwajcaria49
0%
59.Matjaz KladnikSłowenia46
0%
50.Matthias WallnerAustria73
0%
Michael KuryAustria7
0%
29.Naoki YasuzakiJaponia214
0%
22.Nicolas Jean-FrostFrancja296
0%
73.Noritaka KasamaJaponia16
0%
90.Paal HansenNorwegia5
0%
19.Ralf GebstedtNiemcy342
0%
52.Randy WeberUSA66
0%
61.Rico MeinelNiemcy32
0%
41.Robert MeglicSłowenia108
0%
93.Robert SchlupCzechy3
0%
83.Simen BerntsenNorwegia8
0%
63.Stein Henrik TuffNorwegia28
0%
60.Tero KoponenFinlandia34
0%
Tero TurkkiFinlandia7
0%
Yannick RevuzFrancja11
0%
Yoshikazu NorotaJaponia19
0%
43.Yukitaka FukitaJaponia100
0%

Rozkład punktacji

Percentyl według liczby udzielonych odpowiedzi

Procent ludzi z każdym wynikiem

Twoja historia wyników

Nie rozwiązałeś tego quizu